<?xml version="1.0" encoding="UTF-8"?>
<record
    xmlns:xsi="http://www.w3.org/2001/XMLSchema-instance"
    xsi:schemaLocation="http://www.loc.gov/MARC21/slim http://www.loc.gov/standards/marcxml/schema/MARC21slim.xsd"
    xmlns="http://www.loc.gov/MARC21/slim">

  <leader>01273nam a2200217 a 4500</leader>
  <controlfield tag="001">000016431</controlfield>
  <controlfield tag="005">20200929164426.0</controlfield>
  <controlfield tag="008">100305s1995    dr a    r     001 0 spa d</controlfield>
  <datafield tag="040" ind1=" " ind2=" ">
    <subfield code="a">DO-SdBNP</subfield>
    <subfield code="b">spa</subfield>
    <subfield code="c">BNPHU</subfield>
  </datafield>
  <datafield tag="082" ind1=" " ind2=" ">
    <subfield code="a">372.241</subfield>
    <subfield code="b">C949a</subfield>
  </datafield>
  <datafield tag="100" ind1="1" ind2=" ">
    <subfield code="a">Crosby, Robin</subfield>
    <subfield code="9">36625</subfield>
  </datafield>
  <datafield tag="245" ind1="1" ind2="0">
    <subfield code="a">Una aventura aqu&#xED; mismo :</subfield>
    <subfield code="b">una gu&#xED;a para maestros de preescolar no formal /</subfield>
    <subfield code="c">Robin Crosby, Terri Elders.</subfield>
  </datafield>
  <datafield tag="260" ind1=" " ind2=" ">
    <subfield code="a">Santo Domingo :</subfield>
    <subfield code="b">Taller,</subfield>
    <subfield code="c">1995.</subfield>
  </datafield>
  <datafield tag="300" ind1=" " ind2=" ">
    <subfield code="a">91 p. :</subfield>
    <subfield code="b">il. ;</subfield>
    <subfield code="c">23 cm.</subfield>
  </datafield>
  <datafield tag="505" ind1="0" ind2=" ">
    <subfield code="t">&#xBF;Qu&#xE9; es un preescolar? --</subfield>
    <subfield code="t">&#xBF;Cu&#xE1;les son las edades de un preescolar? --</subfield>
    <subfield code="t">&#xBF;Cuantos ni&#xF1;os deben estar en el mismo grupo? --</subfield>
    <subfield code="t">Conociendo las cosas b&#xE1;sicas --</subfield>
    <subfield code="t">&#xBF;C&#xF3;mo aprenden los ni&#xF1;os? --</subfield>
    <subfield code="t">&#xBF;Qu&#xE9; es un plan de trabajo? --</subfield>
    <subfield code="t">&#xBF;C&#xF3;mo puedo conseguir materiales para mi preescolar? --</subfield>
    <subfield code="t">&#xBF;Hay materiales educativos que yo puedo hacer para mi preescolar? --</subfield>
    <subfield code="t">Juegos para identificar n&#xFA;meros, vocales, figuras --</subfield>
    <subfield code="t">Materiales educativos - Instrumentos musicales --</subfield>
    <subfield code="t">Temas por meses --</subfield>
    <subfield code="t">Los principales derechos de la ni&#xF1;ez --</subfield>
    <subfield code="t">Referencias.</subfield>
  </datafield>
  <datafield tag="590" ind1=" " ind2=" ">
    <subfield code="a">Inventariado, 2018/BT</subfield>
  </datafield>
  <datafield tag="650" ind1=" " ind2="4">
    <subfield code="a">Educaci&#xF3;n preescolar</subfield>
    <subfield code="x">Planificaci&#xF3;n</subfield>
    <subfield code="9">36626</subfield>
  </datafield>
  <datafield tag="650" ind1=" " ind2="4">
    <subfield code="a">Educaci&#xF3;n en la primera infancia</subfield>
    <subfield code="9">36627</subfield>
  </datafield>
  <datafield tag="700" ind1="1" ind2=" ">
    <subfield code="a">Elders, Terri</subfield>
    <subfield code="9">36628</subfield>
  </datafield>
  <datafield tag="910" ind1=" " ind2=" ">
    <subfield code="a">Validado. Control de calidad. EMS</subfield>
  </datafield>
  <datafield tag="952" ind1=" " ind2=" ">
    <subfield code="0">0</subfield>
    <subfield code="1">0</subfield>
    <subfield code="7">1</subfield>
    <subfield code="8">PD</subfield>
    <subfield code="a">PD</subfield>
    <subfield code="b">PD</subfield>
    <subfield code="c">HD</subfield>
    <subfield code="d">2010-03-05</subfield>
    <subfield code="i">LF1</subfield>
    <subfield code="l">0</subfield>
    <subfield code="o">372.241 C949a</subfield>
    <subfield code="p">16431-10</subfield>
    <subfield code="r">2020-06-25</subfield>
    <subfield code="w">2020-06-25</subfield>
    <subfield code="y">LFPD</subfield>
    <subfield code="Z">No se presta</subfield>
  </datafield>
  <datafield tag="952" ind1=" " ind2=" ">
    <subfield code="0">0</subfield>
    <subfield code="1">1</subfield>
    <subfield code="7">1</subfield>
    <subfield code="8">PD</subfield>
    <subfield code="a">PD</subfield>
    <subfield code="b">PD</subfield>
    <subfield code="c">MI</subfield>
    <subfield code="d">2010-03-05</subfield>
    <subfield code="i">LF1</subfield>
    <subfield code="l">0</subfield>
    <subfield code="o">372.241 C949a</subfield>
    <subfield code="p">16431-20</subfield>
    <subfield code="r">2020-06-25</subfield>
    <subfield code="t">e. 2</subfield>
    <subfield code="w">2020-06-25</subfield>
    <subfield code="y">LFPD</subfield>
    <subfield code="Z">No se presta</subfield>
  </datafield>
  <datafield tag="999" ind1=" " ind2=" ">
    <subfield code="c">15966</subfield>
    <subfield code="d">15966</subfield>
  </datafield>
</record>
